000 00262nam a2200109Ia 4500
005 20251222114351.0
008 251222s1900||||xx |||||||||||||| ||spa||
082 _aDVD0140/R34/1954
245 0 _aEl tercer hombre
264 _bReed, Carol. David, O.
942 _cDVD
999 _c1227
_d1227